| 000 | 00343 a2200145 4500 | ||
|---|---|---|---|
| 001 | 156196 | ||
| 040 | _cEscola São Tomás de Aquino | ||
| 100 | _aLARREULA, Enric | ||
| 240 | 1 | 0 |
_aAs memórias da Bruxa Onilda _lpor |
| 245 | 1 | 0 | _aAs memórias da Bruxa Onilda |
| 300 | _a30 | ||
| 362 | 0 | _a2006 | |
| 697 | _a*LITERATURA INFANTO | ||
| 942 | _cBK | ||
| 999 |
_c156196 _d156196 |
||